000 00457nam a2200181 a 4500
001 1766052739270
003 ACL
005 20251218154431.0
008 251218s2002##################000#0#eng##
020 _a9780609607756
082 0 4 _a641.5945
_bBAT
100 1 _aBatali, Mario,
_eauthor.
245 1 0 _aThe Babbo Cookbook :
260 _bClarkson Potter Publishers,
_c2002.
650 0 _aCookery, Italian.
942 _cENGLISH
040 _aACL
_beng
_cACL
999 _c603193
_d603193